| 000 | 01470nam a22001697a 4500 | ||
|---|---|---|---|
| 003 | SGT | ||
| 020 | _a9780070635524 | ||
| 082 | _a658.1, NEW | ||
| 100 | _aNEWSTOM, JOHAN W | ||
| 245 |
_aORGANIZATIONAL BEHAVIOR _bHUMAN BEHAVIOR AT WORK |
||
| 250 | _a12TH | ||
| 260 |
_aNEW DELHI _bTMH _c2007 |
||
| 300 | _a528 | ||
| 650 | _aMANAGEMENT | ||
| 700 | _aPART I : FUNDAMENTALS OF ORGANIZATIONAL BEHAVIOR CHAPTER 1 THE DYNAMICS OF PEOPLE AND ORGANIZATIONS CHAPTER 2 MODELS OF ORGANIZATIONAL BEHAVIOR CHAPTER 3 MANAGING COMMUNICATIONS CHAPTER 4 SOCIAL SYSTEMS AND ORGANIZATIONAL CULTURE PART II : MOTIVATION AND REWARD SYSTEMS CHAPTER 5 MOTIVATION CHAPTER 6 APPRAISING AND REWARDING PERFORMANCE PART III : LEADERSHIP AND EMPOWERMENT CHAPTER 7 LEADERSHIP CHAPTER 8 EMPOWERMENT AND PARTICIPATION PART IV : INDIVIDUAL AND INTERPERSONAL BEHAVIOR CHAPTER 9 EMPLOYEE ATTITUDES AND THEIR EFFECTS CHAPTER 10 ISSUES BETWEEN ORGANIZATIONS AND INDIVIDUALS CHAPTER 11 INTERPERSONAL BEHAVIOR PART V : GROUP BEHAVIOR CHAPTER 12 INFORMAL AND FORMAL GROUPS CHAPTER 13 TEAMS AND TEAM BUILDING PART VI : CHANGE AND ITS EFFECTS CHAPTER 14 MANAGING CHANGE CHAPTER 15 STRESS AND COUNSELING PART VII : EMERGING ASPECTS OF ORGANIZATIONAL BEHAVIOR CHAPTER 16 ORGANIZATIONAL BEHAVIOR ACROSS CULTURES PART VIII : CASE PROBLEMS GLOSSARY APPENDIX A: PERSONAL DEVELOPMENT PLAN REFERENCES NAME INDEX SUBJECT INDEX BECAUSE LEARNING CHANGES EVERYTHING.™ | ||
| 942 |
_2ddc _cFCM |
||
| 999 |
_c9105 _d9105 |
||